| 000 | 01044nam a22003137a 4500 | ||
|---|---|---|---|
| 001 | 8323 | ||
| 003 | FISKH | ||
| 005 | 20250909095446.0 | ||
| 008 | 250909b cb ||||| |||| 00| 0 eng d | ||
| 020 | _a9780140309584 | ||
| 040 |
_aFISKH _beng _cFISKH _dFISKH |
||
| 050 | _aPZ7.L6585 | ||
| 082 | _a839.7 | ||
| 100 | _aLindgren, Astrid | ||
| 245 |
_aPippi in the south seas / _cBy Astrid Lindgren |
||
| 250 | _aFirst published by The Viking Press 1959 | ||
| 260 |
_aNew York : _bPuffin Books , _c1959. |
||
| 300 |
_a125 pages : _billustrations ; _c20 cm . |
||
| 490 |
_aPippi Longstocking _v3 |
||
| 505 | _aV | ||
| 520 | _aThe adventures of the strongest girl in the world, who takes her two friends with her when she travels from Sweden to visit her father, king of an island in the South Seas. | ||
| 521 | 8 |
_a850
_bLexile |
|
| 521 | 8 |
_aV
_bRaz-Plus |
|
| 650 |
_aPippi Longstocking _vFiction |
||
| 650 |
_aAdventure _vFiction |
||
| 700 |
_aGlanzman, Louis S. _eIllustrator |
||
| 942 |
_2ddc _cBK _n0 |
||
| 999 |
_c8323 _d8323 |
||